000 00238nam a2200097Ia 4500
001 768139
005 20250826165413.0
008 250824s9999 xx 000 0 und d
245 0 _aSAVAŞÇI
_cDOĞAN CÜCELOĞLU
260 _bREMZİ KİTABEVİ
999 _c768139
_d768139